| 000 | 02198nam a2200469 a 4500 | ||
|---|---|---|---|
| 001 | 000013792 | ||
| 003 | DO-SdBNP | ||
| 005 | 20180309123848.0 | ||
| 007 | 000013792 | ||
| 008 | 091125s2012 dr a 000 0 spa d | ||
| 020 | _a9789945117387 | ||
| 040 |
_aBPMSU _bspa _cBPMSU |
||
| 082 | 0 | 4 |
_a372.63 _bI61o 1ro. 2012 |
| 100 | 1 | _aJiménez Malena, Martha Ariza | |
| 245 | 1 | 0 |
_aOrtografía 1 : _beducación básica / _cMartha Ariza Jiménez Malena ; editora María Isabel Incháustegui ; dirección editorial Obdulia García de Escobar ; ilustración Ruddy Núñez. |
| 260 |
_aSanto Domingo : _bSantillana, _c2012. |
||
| 300 |
_a39 p. : _bil. ; _c28 cm. |
||
| 490 | 1 | _aInnova | |
| 505 | 0 |
_gUnidad 1 -- _tMi cumpleaños -- _gUnidad 2 -- _tCésar y Patricia en Azua -- _gUnidad 3 -- _tGabriel y Guillermo -- _gUnidad 4 -- _tRebeca, la reinita risueña -- _gUnidad 5 -- _tBombay -- _gUnidad 6 -- _tSu tío el virrey -- _gUnidad 7 -- _tPablo en la biblioteca -- _gUnidad 8 -- _tPresentarse -- _tHacer una lista -- _gUnidad 9 -- _tDescribir a una persona -- _tEscribir el final de un cuento. |
|
| 650 | 4 |
_aESPAÑOL _xORTOGRAFÍA _xENSEÑANZA BÁSICA |
|
| 650 | 4 |
_aESPAÑOL _xORTOGRAFÍA _xEDUCACIÓN PRIMARIA |
|
| 650 | 4 |
_aESPAÑOL _xORTOGRAFÍA _xESTUDIOS Y EJERCICIOS |
|
| 650 | 4 |
_aESPAÑOL _xORTOGRAFÍA _xLIBROS DE TEXTOS |
|
| 650 | 4 |
_aEDUCACIÓN PRIMARIA _zREPÚBLICA DOMINICANA |
|
| 700 | 1 |
_aNúñez, Ruddy, _eil. |
|
| 700 | 1 |
_aGarcía de Escobar, Obdulia, _eed. |
|
| 700 | 1 |
_aIncháustegui, María Isabel, _eed. |
|
| 830 | 0 | _aInnova | |
| 910 | _aValidado. Control de calidad MFF | ||
| 930 | 1 |
_lBND01 _mLF1 _820091130 _f01 _pHD _g8732 |
|
| 930 | 1 |
_lBND01 _mLF1 _820091130 _f01 _pHD _g8732 _hv. 2 |
|
| 930 | 1 |
_lBND01 _mLF1 _820091130 _f04 _pHD _g8733 _hv. 3 |
|
| 930 | 1 |
_lBND01 _mLF1 _820091204 _f01 _pHD _g8733 _hv. 4 |
|
| 930 | 1 |
_lBND01 _mLF1 _820091204 _f01 _pHD _g8733 _hv. 5 |
|
| 930 | 1 |
_lBND01 _mLF1 _820091204 _f04 _pHD _g8733 _hv. 6 |
|
| 942 |
_2ddc _cBK |
||
| 945 | _aRemanejado para la Bib. BNPHU, 2018/ YL | ||
| 956 |
_aDGARCIA _b10 _c20150813 _lBND01 _h1306 |
||
| 956 |
_aYLOCKWARD _b10 _c20150814 _lBND01 _h1409 |
||
| 956 |
_aVMATEO _b10 _c20150824 _lBPMSU _h00151 |
||
| 956 |
_aLOPEREZ _b10 _c20160413 _lBPMSU _h00041 |
||
| 999 |
_c8209 _d8209 |
||